000 00775nam a2200253Ia 4500
003 OSt
005 20220926034052.0
006 a|||||r|||| 00| 0
007 ta
008 220923b |||||||| |||| 00| 0 eng d
037 _cGeneral Book
040 _aRTL
_cRTL
_beng
041 _2eng
_aeng
082 _aX72.73.N7, M0
100 _aAaron Henery J Ed.
_9340016
245 0 _aEconomics of taxation
260 _aWashington
_bBrooking Institution
_c1980
300 _axviii,418p.
_ccm.
490 _aBrookings Institution, Studies Of Government Finance : Second Series
650 _aTax
700 _a Boskin Michael J Ed.
_9329519
942 _hX72.73.N7, M0
_cGB
_2CC
999 _c658677
_d658677